000 00344nam a22001457a 4500
020 _a8174763228
041 _aENG
100 _aMurthy.V.N.S
245 _aPrinciples Of Soil Mechanics And Foundation Engineering
250 _aFifth ED
260 _aNew Delhi
_bUbspd Pub
_c1993
300 _a842
650 _aSWCE
856 _uSWCE ( 21 )
999 _c1858
_d1858